Controllers of Cuba Throughout History - Statistics

General Stats
  • This quiz has been taken 52 times
  • The average score is 5 of 5
Answer Stats
Time Period Answer % Correct
1898-1902 United States
100%
1902- Cuba
98%
1511-1580 Spain
98%
1640-1898 Spain
98%
1580-1640 Iberian Union
65%
No matching quizzes found
Score Distribution
Percent of People with Each Score
Percentile by Number Answered
Your Score History
You have not taken this quiz